<?xml version="1.0" encoding="UTF-8"?>
<record
    xmlns:xsi="http://www.w3.org/2001/XMLSchema-instance"
    xsi:schemaLocation="http://www.loc.gov/MARC21/slim http://www.loc.gov/standards/marcxml/schema/MARC21slim.xsd"
    xmlns="http://www.loc.gov/MARC21/slim">

  <leader>03236nam a22001577a 4500</leader>
  <controlfield tag="008">150806b        xxu||||| |||| 00| 0 eng d</controlfield>
  <datafield tag="020" ind1=" " ind2=" ">
    <subfield code="a">9788122422863</subfield>
  </datafield>
  <datafield tag="050" ind1=" " ind2=" ">
    <subfield code="a">TD192.5.S65</subfield>
  </datafield>
  <datafield tag="100" ind1=" " ind2=" ">
    <subfield code="a">SRINAVAS, T.</subfield>
  </datafield>
  <datafield tag="245" ind1=" " ind2=" ">
    <subfield code="a">Environmental biotechnology. /</subfield>
    <subfield code="c">T. Srinivas </subfield>
  </datafield>
  <datafield tag="260" ind1=" " ind2=" ">
    <subfield code="a">New Delhi:</subfield>
    <subfield code="b">New Age International Ltd.,</subfield>
    <subfield code="c">2008.</subfield>
  </datafield>
  <datafield tag="300" ind1=" " ind2=" ">
    <subfield code="a">xiv, 113p.:</subfield>
    <subfield code="b">ills.;</subfield>
    <subfield code="c">25cm.</subfield>
  </datafield>
  <datafield tag="500" ind1=" " ind2=" ">
    <subfield code="a">Includes references and index.</subfield>
  </datafield>
  <datafield tag="505" ind1=" " ind2=" ">
    <subfield code="a">Contents: Water and wastewater: Hydrological cycle -- Wastewater -- Physical parameters -- Chemical parameters -- Biological characteristics -- Disposal of wastewater -- Self-purification of natural streams -- Oxygen sag analysis -- Treatment of wastewater :Water pollution control -- Neutralization -- Equalization -- Proportioning -- Wastewater treatment -- Screens -- Grit chamber -- Primary sedimentation -- Wastewater biology: Introduction -- Prokaryotic and eukaryotic cells -- Kinds of microorganisms -- Pathogenic organisms -- Indicator organisms -- Enumeration of bacteria -- Direct cell counts -- Viable counts -- Membrane filter -- Most probable number (MPN) method -- Culture of bacteria -- Identification of specific organisms -- Secondary treatment (biological treatment): Aerobic and anaerobic treatment -- Trickling filters (aerobic attached growth process) -- Advantages and disadvantages of trickling filter -- Standard rate trickling filter (low-rate filter) -- High-rate trickling filter -- Operation and maintenance -- Design of trickling filter -- Activated sludge process (aerobic suspended growth process) -- Biological kinetics -- Types of processes and modifications -- Plug flow (conventional) type -- Step aeration -- Contact stabilization -- Continuous flow stirred tank -- Tapered aeration -- Pure oxygen -- Extended aeration -- Rotating biological contractor (RBC) -- Anaerobic treatment: Anaerobic basics -- Principle of anaerobic wastewater treatment -- COD balance -- Advantages of anaerobic treatment process -- Disadvantages of anaerobic treatment processes -- Applications of anaerobic treatment -- Anaerobic suspended growth process -- Upward flow anaerobic sludge blanket reacter -- Septic tank -- Attached growth anaerobic process -- Effluent disposal: Introduction -- Methods of disposal -- Sludge treatment: Introduction -- Sludge treatment -- Biological stabilization -- Types of digesters -- Aerobic sludge digestion -- Chemical stabilization -- Lime stabilization -- Physical stabilization (heat treatment) -- Sludge conditioning -- Vacuum filtration -- Incineration -- Sludge disposal -- De-watering -- Filter pressing -- Centrifuging -- Air drying -- Dumping into sea -- Solid waste management: General -- Classification of solid wastes -- Properties of solid waste -- Factors influencing solid waste management -- Solid waste management -- Engineering systems for solid waste management -- Waste collection into dust bins -- On-site handling, storage and processing -- Transport -- Processing -- Disposal -- Composting -- Bioreactor landfill -- Incineration -- Bioremediation: Introduction -- Contamination of soil and ground water -- Bioremediation systems -- Groundwater bioremediation -- Biofilteration -- Limitations of bioremediation.</subfield>
  </datafield>
  <datafield tag="942" ind1=" " ind2=" ">
    <subfield code="2">lcc</subfield>
    <subfield code="c">BK</subfield>
  </datafield>
  <datafield tag="999" ind1=" " ind2=" ">
    <subfield code="c">5699</subfield>
    <subfield code="d">13199</subfield>
  </datafield>
  <datafield tag="952" ind1=" " ind2=" ">
    <subfield code="0">0</subfield>
    <subfield code="1">0</subfield>
    <subfield code="2">lcc</subfield>
    <subfield code="4">0</subfield>
    <subfield code="7">0</subfield>
    <subfield code="a">WIUC-1</subfield>
    <subfield code="b">WIUC-1</subfield>
    <subfield code="c">REF</subfield>
    <subfield code="d">2015-08-06</subfield>
    <subfield code="l">0</subfield>
    <subfield code="o">TD192.5.S56</subfield>
    <subfield code="p">7914/341/15</subfield>
    <subfield code="r">2015-08-06 00:00:00</subfield>
    <subfield code="w">2015-08-06</subfield>
    <subfield code="y">BK</subfield>
  </datafield>
</record>
